[Event "Druzynowe Mistrzostwa Polski w Szachach I LIGA 2021"]
[Site "Szklarska Poreba"]
[Date "1899-12-30"]
[Round "1.77"]
[White "Bajerlein, Dawid"]
[Black "Galuszka, Tomasz"]
[Result "1/2-1/2"]
[WhiteTitle "k+"]
[BlackTitle "k+"]
[WhiteElo "2036"]
[BlackElo "2212"]

1. d4 d5 2. c4 e6 3. Nc3 Nf6 4. Bg5 Be7 5. e3 O-O 6. Qc2 c6 7. cxd5 exd5 8. Bd3
Nbd7 9. Nge2 Re8 10. O-O Nf8 11. f3 Be6 12. Rad1 N6d7 13. Bf4 Rc8 14. Kh1 Nb6
15. e4 dxe4 16. fxe4 Bg5 17. Qc1 Bxf4 18. Qxf4 Ng6 19. Qf2 Qh4 20. g3 Qe7 21.
Nf4 Rf8 22. Nxe6 fxe6 23. Qe3 Rxf1+ 24. Bxf1 Rd8 25. b3 Qb4 26. d5 e5 27. dxc6
Rxd1 28. Nxd1 bxc6 29. Bh3 Qd4 30. Qxd4 exd4 31. Kg2 Kf7 32. Kf2 Ne5 33. Ke2 a5
34. Nb2 Kf6 35. a3 c5 36. Nd3 Nxd3 37. Kxd3 Ke5 38. Bg4 g6 39. h4 h6 40. Bf3 g5
41. hxg5 hxg5 42. Bh5 a4 43. bxa4 c4+ 44. Kc2 Nxa4 45. Be8 Nb6 46. Bc6 Kd6 47.
Be8 Kc5 48. a4 Kb4 49. e5 Nd5 50. e6 d3+ 51. Kd2 1/2-1/2

[Event "Druzynowe Mistrzostwa Polski w Szachach I LIGA 2021"]
[Site "Szklarska Poreba"]
[Date "1899-12-30"]
[Round "1.78"]
[White "Adamczyk, Zuzanna"]
[Black "Kostecka, Marika"]
[Result "1-0"]
[WhiteTitle "WCM"]
[BlackTitle "WCM"]
[WhiteElo "2055"]
[BlackElo "1834"]

1. d4 Nf6 2. c4 g6 3. g3 Bg7 4. Bg2 O-O 5. Nc3 d6 6. Nf3 c5 7. d5 e6 8. O-O exd5
9. cxd5 Na6 10. Nd2 Nc7 11. a4 b6 12. Nc4 Ba6 13. Qb3 Ng4 14. h3 Ne5 15. Na3 Qe7
16. Nab5 Nxb5 17. axb5 Bb7 18. e4 Rfc8 19. Ra4 a6 20. Be3 axb5 21. Qxb5 Nd7 22.
Rfa1 Qd8 23. Ra7 Rxa7 24. Rxa7 Rb8 25. Na4 Bc8 26. Nc3 Rb7 27. Ra8 Nb8 28. Bf4
Be5 29. Bxe5 dxe5 30. f4 exf4 31. gxf4 Bd7 32. Qc4 Qh4 33. Qf1 Qg3 34. Qf2 Qd3
35. Kh2 Qd4 36. Qxd4 cxd4 37. Nd1 Kg7 38. e5 b5 39. Kg3 Bf5 40. Kf2 Nd7 41. e6
Rb8 42. Ra7 Nc5 43. Rxf7+ Kh6 44. e7 Re8 45. d6 Bd7 46. Bd5 Nd3+ 47. Ke2 Nb4 48.
Bb3 Na6 49. Nf2 Nc5 50. Bd5 b4 51. Ng4+ Bxg4+ 52. hxg4 1-0

[Event "Druzynowe Mistrzostwa Polski w Szachach I LIGA 2021"]
[Site "Szklarska Poreba"]
[Date "1899-12-30"]
[Round "2.1"]
[White "Tomczak, Jacek"]
[Black "Sieciechowicz, Marcin"]
[Result "0-1"]
[WhiteTitle "GM"]
[BlackTitle "IM"]
[WhiteElo "2589"]
[BlackElo "2362"]

1. d4 Nf6 2. c4 g6 3. f3 Bg7 4. e4 d6 5. Nc3 O-O 6. Nge2 c5 7. d5 e6 8. Bg5 exd5
9. cxd5 a6 10. a4 Nbd7 11. Qd2 h6 12. Be3 Ne5 13. Ng3 h5 14. Be2 h4 15. Nf1 h3
16. g4 Bd7 17. Ng3 b5 18. O-O bxa4 19. g5 Nh7 20. f4 Ng4 21. Bxg4 Bxg4 22. Rxa4
Bd7 23. Raa1 Qb6 24. e5 dxe5 25. Nge4 Rfb8 26. Rf2 Bf5 27. Bxc5 Qd8 28. Bd6 Rxb2
29. Qxb2 exf4 30. Nf6+ Nxf6 31. gxf6 Qxf6 32. Bxf4 Qxc3 33. Qxc3 Bxc3 34. Rd1
a5 35. Bc7 a4 36. d6 a3 37. Rxf5 gxf5 38. d7 a2 39. d8=Q+ Rxd8 40. Rxd8+ Kg7 41.
Ra8 a1=Q+ 42. Rxa1 Bxa1 43. Kf2 f6 44. Bf4 Be5 45. Kg3 Kf7 46. Kf3 Kg6 47. Kg3
Kh5 48. Kf3 Kh4 49. Bd2 Bxh2 50. Bc3 Be5 51. Be1+ Kg5 52. Bd2+ Kg6 53. Bb4 h2
54. Kg2 Bg3 55. Kh1 f4 56. Bd6 Kf5 57. Bc7 Ke6 58. Bb8 Kd7 59. Kg2 f3+ 60. Kh1
f2 0-1

[Event "Druzynowe Mistrzostwa Polski w Szachach I LIGA 2021"]
[Site "Szklarska Poreba"]
[Date "1899-12-30"]
[Round "2.2"]
[White "Reza, Wojciech"]
[Black "Laurusas, Tomas"]
[Result "1/2-1/2"]
[WhiteTitle "FM"]
[BlackTitle "IM"]
[WhiteElo "2259"]
[BlackElo "2574"]

1. c4 c6 2. Nf3 d5 3. e3 Nf6 4. Nc3 a6 5. Qc2 e6 6. d4 c5 7. cxd5 exd5 8. Be2 Nc6
9. O-O Be6 10. dxc5 Bxc5 11. Rd1 Qe7 12. a3 O-O 13. b4 Bd6 14. Bb2 Rac8 15. Rac1
Rfd8 16. Qb1 a5 17. Nb5 axb4 18. Nxd6 Qxd6 19. axb4 Ng4 20. h3 Nge5 21. Ng5 Ng6
22. b5 Nce7 23. Rxc8 Bxc8 24. Qa1 f6 25. Ne4 Qb8 26. Nc5 Ne5 27. e4 Qc7 28. Qa3
Nc4 29. Bxc4 dxc4 30. Rxd8+ Qxd8 31. Qa4 Qd2 32. Qxc4+ Kf8 33. Nd3 Be6 34. Qd4
Ke8 35. Nc5 Qxd4 36. Bxd4 Bc8 37. f4 Kd8 38. Kf2 Kc7 39. g4 Bd7 40. Nxd7 Kxd7
41. Bc5 Nc8 42. Ke3 b6 43. Bf8 g6 44. Kd4 Na7 45. Kc4 Ke6 46. Ba3 h5 47. Bb2 hxg4
48. hxg4 Nc8 49. f5+ gxf5 50. exf5+ Ke7 51. Ba3+ Kf7 52. Bb4 Kg7 53. Bc3 Nd6+
54. Kb4 Kf7 55. Bd4 Nc8 56. Be3 Ke7 57. Bd4 Kf7 58. Bf2 Ke7 59. Bg1 Kd7 60. Be3
Ke7 61. Bf4 Kd7 62. Kc4 Ke7 63. g5 fxg5 64. Bxg5+ Kf7 65. Kd5 Na7 66. Kc4 Kg7
67. Bd8 Kf7 68. Kb4 Nc8 69. Bxb6 Nxb6 70. Kc5 Na4+ 71. Kc6 Kf6 72. b6 Nxb6 73.
Kxb6 Kxf5 1/2-1/2

[Event "Druzynowe Mistrzostwa Polski w Szachach I LIGA 2021"]
[Site "Szklarska Poreba"]
[Date "1899-12-30"]
[Round "2.3"]
[White "Warakomski, Tomasz"]
[Black "Plichta, Kamil"]
[Result "1-0"]
[WhiteTitle "GM"]
[BlackTitle "FM"]
[WhiteElo "2513"]
[BlackElo "2396"]

1. e4 c5 2. Nf3 e6 3. d4 cxd4 4. Nxd4 Nf6 5. Nc3 Nc6 6. Nxc6 bxc6 7. e5 Nd5 8.
Ne4 Qc7 9. f4 Qb6 10. c4 Bb4+ 11. Ke2 f5 12. Nf2 Ne7 13. Nd3 d5 14. Be3 d4 15.
Qa4 a5 16. Bd2 Bxd2 17. Kxd2 Kf7 18. Qa3 Rd8 19. Qc5 Qxc5 20. Nxc5 a4 21. Bd3
g5 22. fxg5 Ra5 23. b4 axb3 24. Nxb3 Rxe5 25. Rae1 Ng6 26. a4 Rxe1 27. Rxe1 e5
28. g4 Nh4 29. Rf1 f4 30. h3 Ng2 31. Nc5 Ne3 32. Rb1 f3 33. Ke1 Ng2+ 34. Kf2 Nf4
35. Kxf3 Nxh3 36. Kg3 Nf4 37. Bxh7 d3 38. Nxd3 Nxd3 39. Rd1 Rd4 40. Rxd3 Rxg4+
41. Kf2 Rxg5 42. Rd6 Ke7 43. Rxc6 Kd7 44. Rh6 Bb7 45. Bd3 Rg2+ 46. Ke3 Rg3+ 47.
Kd2 e4 48. Rh7+ Kc8 49. Be2 Bc6 50. Re7 Ra3 51. Bd1 Kb8 52. Bc2 Kc8 53. c5 Kd8
54. Re5 Bxa4 55. Bxe4 Be8 56. Rg5 Rh3 57. Rg8 Rh6 58. Ke3 Re6 59. Kd4 Kc7 60.
Rg7+ Kd8 61. Bd5 Re7 62. Rg1 Ra7 63. Rg8 Ra4+ 64. Ke5 Ra5 65. Kd6 Ra6+ 66. c6
Ra7 67. Be4 Rd7+ 68. Kc5 Rd1 69. Rg7 Bd7 70. Bd5 Bxc6 71. Kxc6 Rd2 72. Kd6 Re2
73. Rh7 Re1 74. Rb7 Rc1 75. Bb3 Kc8 76. Rb4 Kd8 77. Rh4 Kc8 78. Bd5 Kb8 79. Ra4
Rc7 80. Ra8# 1-0

[Event "Druzynowe Mistrzostwa Polski w Szachach I LIGA 2021"]
[Site "Szklarska Poreba"]
[Date "1899-12-30"]
[Round "2.4"]
[White "Budrewicz, Krzysztof"]
[Black "Kantans, Toms"]
[Result "1/2-1/2"]
[WhiteTitle "m"]
[BlackTitle "GM"]
[WhiteElo "2188"]
[BlackElo "2481"]

1. d4 Nf6 2. c4 g6 3. h4 h6 4. Nc3 d5 5. cxd5 Nxd5 6. h5 g5 7. Bd2 Nb6 8. e3 Bg7
9. Nf3 Nc6 10. Qc2 Nb4 11. Qb3 a5 12. a3 Be6 13. Qd1 Na6 14. Rc1 O-O 15. Ne4 a4
16. Bd3 f5 17. Ng3 Bb3 18. Qe2 e6 19. O-O Nd7 20. Bc3 c5 21. Bc4 Qb6 22. Bxb3
axb3 23. Rfd1 Rac8 24. d5 Nc7 25. Bxg7 Kxg7 26. dxe6 Qxe6 27. Qd3 Rf7 28. Nxf5+
Rxf5 29. Qxd7+ Rf7 30. Qd6 Qxd6 31. Rxd6 Ne8 32. Rb6 Nf6 33. Rxb3 Nxh5 34. Rb6
Nf6 35. Nd4 Ng4 36. Rxc5 Rxc5 37. Ne6+ Kg8 38. Nxc5 Rxf2 39. Rb4 Rc2 40. Rxg4
Rxc5 41. Rb4 b5 42. g4 Kf7 43. Kf2 Kg6 44. Kf3 h5 45. gxh5+ Kxh5 46. Kg3 Re5 47.
Kf3 Rc5 48. Kg3 Re5 49. Rb3 Rc5 50. e4 Kg6 51. Kg4 Re5 52. Rb4 Rc5 53. Rb3 Re5
54. Re3 Kh6 55. Re2 Kg6 56. Kf3 b4 57. axb4 Rb5 58. e5 Kf7 59. e6+ Ke7 60. Kg4
Rd5 61. Re4 Rb5 62. Kh5 Rd5 63. Kg4 Rb5 64. Re2 Rd5 65. Re3 Rb5 66. Kh5 Rd5 67.
Rg3 Kxe6 68. Rxg5 Rxg5+ 69. Kxg5 Ke5 1/2-1/2

[Event "Druzynowe Mistrzostwa Polski w Szachach I LIGA 2021"]
[Site "Szklarska Poreba"]
[Date "1899-12-30"]
[Round "2.5"]
[White "Schippers, Maurice"]
[Black "Renkowski, Piotr"]
[Result "1-0"]
[WhiteTitle "FM"]
[BlackTitle "k+"]
[WhiteElo "2285"]
[BlackElo "2178"]

1. b3 e5 2. Bb2 Nc6 3. c4 Nf6 4. e3 Be7 5. Nc3 O-O 6. Nf3 d5 7. cxd5 Nxd5 8. Nxd5
Qxd5 9. Bc4 Qd6 10. Rc1 e4 11. Nd4 Nxd4 12. Bxd4 c5 13. Bc3 Qg6 14. Kf1 Be6 15.
h4 Bxc4+ 16. bxc4 Bf6 17. h5 Qf5 18. Qc2 Rfd8 19. h6 g6 20. Qb2 Bxc3 21. Qxc3
f6 22. Qb2 Rd7 23. Rc2 Qg4 24. Rc1 Kf7 25. Rh3 Rad8 26. f3 Qg5 27. Rd1 exf3 28.
Rxf3 Rd6 29. Qxb7+ R8d7 30. Qc8 Rxd2 31. Qxd7+ Rxd7 32. Rxd7+ Kg8 33. Rd8+ Kf7
34. Rd7+ Kg8 35. Rg7+ Kh8 36. Rxa7 Qxh6 37. Rh3 Qg5 38. Rhxh7+ Kg8 39. Rhb7 Qf5+
40. Kg1 Qc8 41. Rg7+ Kh8 42. Rh7+ Kg8 43. Rag7+ 1-0

[Event "Druzynowe Mistrzostwa Polski w Szachach I LIGA 2021"]
[Site "Szklarska Poreba"]
[Date "1899-12-30"]
[Round "2.6"]
[White "Dwilewicz, Katarzyna"]
[Black "Warakomska, Anna"]
[Result "0-1"]
[WhiteTitle "WFM"]
[BlackTitle "WGM"]
[WhiteElo "2092"]
[BlackElo "2279"]

1. e4 e5 2. Nf3 Nc6 3. d4 exd4 4. Nxd4 Nf6 5. Nxc6 bxc6 6. Bd3 d5 7. exd5 cxd5
8. O-O Be7 9. h3 O-O 10. Re1 h6 11. Nd2 Be6 12. b3 c5 13. Bb2 Rb8 14. Be5 Bd6
15. Nf3 Re8 16. c3 Rb6 17. Bc2 Nd7 18. Qd3 g6 19. Bxd6 Rxd6 20. Qd2 Kg7 21. Qf4
Rb6 22. Rad1 Rb8 23. Qg3 Qf6 24. Ne5 Nf8 25. h4 Rbc8 26. Rd3 Kh8 27. Rf3 Qg7 28.
Qf4 Kg8 29. Rg3 Bd7 30. Rge3 h5 31. Nxd7 Rxe3 32. Rxe3 Nxd7 33. Bf5 Qf6 34. Rg3
Re8 35. Qg5 Qxg5 36. Rxg5 Re1+ 37. Kh2 Nf6 38. f3 Rc1 39. c4 Nh7 40. Rg3 dxc4
41. bxc4 Kf8 42. Bd3 Ra1 43. f4 Rxa2 44. f5 Nf6 45. Rf3 Kg7 46. Kg3 a5 47. fxg6
fxg6 48. Kf4 a4 49. Ke5 Ng4+ 50. Ke6 Rf2 51. Bb1 Rxf3 52. gxf3 Ne3 53. Ba2 Nd1
54. Kd6 Nc3 55. Kxc5 Nxa2 56. Kb5 Nc3+ 57. Kb4 Ne2 58. c5 Nd4 59. Kxa4 g5 0-1

[Event "Druzynowe Mistrzostwa Polski w Szachach I LIGA 2021"]
[Site "Szklarska Poreba"]
[Date "1899-12-30"]
[Round "2.7"]
[White "Antoniewski, Rafal"]
[Black "Paszewski, Mateusz"]
[Result "1/2-1/2"]
[WhiteTitle "GM"]
[BlackTitle "FM"]
[WhiteElo "2493"]
[BlackElo "2282"]

1. d4 d5 2. c4 c6 3. Nf3 Nf6 4. Nbd2 Bf5 5. Nh4 Be6 6. e3 g5 7. Nhf3 g4 8. Nh4
h5 9. Qc2 Bh6 10. Nf5 Bxf5 11. Qxf5 e6 12. Qc2 Nbd7 13. b3 Qc7 14. Be2 O-O-O 15.
Bb2 Kb8 16. O-O-O Rhg8 17. Kb1 Nf8 18. Bd3 Ng6 19. Rde1 Nh4 20. Reg1 Qe7 21. Nf1
Bg5 22. Ng3 Ng6 23. Ne2 Ne8 24. h3 f5 25. hxg4 hxg4 26. g3 Nf6 27. a4 Rh8 28.
Ka2 Rxh1 29. Rxh1 Rh8 30. Qd1 Rxh1 31. Qxh1 Qh7 32. Qxh7 1/2-1/2

[Event "Druzynowe Mistrzostwa Polski w Szachach I LIGA 2021"]
[Site "Szklarska Poreba"]
[Date "1899-12-30"]
[Round "2.8"]
[White "Koziorowicz, Michal"]
[Black "Cyborowski, Lukasz"]
[Result "0-1"]
[WhiteTitle "k+"]
[BlackTitle "GM"]
[WhiteElo "2274"]
[BlackElo "2495"]

1. e4 c5 2. Nf3 e6 3. d4 cxd4 4. Nxd4 a6 5. Bd3 Bc5 6. Nb3 Be7 7. O-O d6 8. Nc3
Nf6 9. f4 Nc6 10. Qf3 Qc7 11. a3 b5 12. e5 dxe5 13. fxe5 Qa7+ 14. Be3 Nxe5 15.
Qg3 Qb8 16. Be4 Ned7 17. Bxa8 Qxa8 18. Rad1 O-O 19. Bd4 Bb7 20. Nc5 Bxc5 21. Bxc5
Nxc5 22. Rxf6 Bxg2 23. Rf2 Bc6 24. Qc7 Qb7 25. Qd6 Ne4 26. Nxe4 Bxe4 27. Rd4 Bf5
28. b3 h6 29. c4 bxc4 30. bxc4 Rc8 31. Qb4 Qc7 32. Qc3 Kh7 33. Qg3 Qc5 34. Qd6
Qa5 35. Qb4 Qe5 36. Rd1 Bg6 37. Qd6 Qg5+ 38. Qg3 Qc5 39. Rc1 Rd8 40. h4 Rd3 41.
Qg2 Qxa3 42. Qf1 Rg3+ 43. Kh2 Rg4 44. Qh3 Qd6+ 0-1

[Event "Druzynowe Mistrzostwa Polski w Szachach I LIGA 2021"]
[Site "Szklarska Poreba"]
[Date "1899-12-30"]
[Round "2.9"]
[White "Nurkiewicz, Maciej"]
[Black "Ciesla, Adam"]
[Result "1-0"]
[WhiteTitle "m"]
[BlackTitle "m"]
[WhiteElo "2339"]
[BlackElo "2276"]

1. e4 e5 2. Nf3 Nc6 3. Bc4 Bc5 4. b4 Bxb4 5. c3 Ba5 6. d4 exd4 7. O-O Nf6 8. Ba3
d6 9. e5 Nxe5 10. Nxe5 dxe5 11. Qb3 Qd7 12. cxd4 e4 13. Qg3 Ng4 14. h3 Qxd4 15.
hxg4 Qxa1 16. Qb3 Qf6 17. Qb5+ Bd7 18. Qxa5 b6 19. Qd5 Bc6 20. Bb5 Bxb5 21. Qxa8+
Kd7 22. Rd1+ 1-0

[Event "Druzynowe Mistrzostwa Polski w Szachach I LIGA 2021"]
[Site "Szklarska Poreba"]
[Date "1899-12-30"]
[Round "2.10"]
[White "Tomaszewski, Roman"]
[Black "Bartel, Michal"]
[Result "0-1"]
[WhiteTitle "IM"]
[BlackTitle "FM"]
[WhiteElo "2193"]
[BlackElo "2181"]

1. e4 e5 2. Nf3 Nc6 3. d4 exd4 4. Bc4 Nf6 5. e5 Ng4 6. O-O d6 7. exd6 Qxd6 8. Na3
a6 9. h3 Nf6 10. Ng5 Nd8 11. Bb3 b5 12. Qf3 Ra7 13. Bf4 Qd7 14. c3 c5 15. cxd4
c4 16. Bc2 Be7 17. Be5 Bb7 18. Ne4 Nxe4 19. Bxe4 Bxe4 20. Qxe4 O-O 21. Nc2 Nc6
22. Rad1 Rd8 23. Rfe1 Bf8 24. d5 Nxe5 25. Qxe5 Bd6 26. Qe4 Raa8 27. Nd4 Bb4 28.
Rf1 Qxd5 29. Qxd5 Rxd5 30. Nc6 Rxd1 31. Rxd1 Bf8 32. Rd7 g6 33. Kf1 Rc8 34. Nd4
c3 35. bxc3 Rxc3 36. Nb3 Bb4 37. Ra7 Rc6 38. Ra8+ Kg7 39. g3 h5 40. h4 a5 41.
Nxa5 Rc1+ 42. Kg2 Rc2 43. Nb3 Be1 44. Nd4 Rxf2+ 45. Kh3 b4 46. Re8 Bc3 47. Ne2
Ba1 48. Re3 Kf8 49. Re4 f5 50. Re3 Kf7 51. Nc1 Rc2 52. Nd3 Bc3 53. Nf4 Rxa2 54.
Nd5 Bd4 55. Re7+ Kf8 56. Nxb4 Rb2 57. Nc6 Bg1 58. g4 hxg4+ 59. Kg3 Bh2# 0-1

[Event "Druzynowe Mistrzostwa Polski w Szachach I LIGA 2021"]
[Site "Szklarska Poreba"]
[Date "1899-12-30"]
[Round "2.11"]
[White "Sliwerski, Radoslaw"]
[Black "Bednarski, Dawid"]
[Result "1/2-1/2"]
[WhiteTitle "k++"]
[BlackTitle "I+"]
[WhiteElo "2007"]
[BlackElo "2016"]

1. d4 Nf6 2. c4 g6 3. g3 Bg7 4. Bg2 O-O 5. Nf3 c5 6. O-O cxd4 7. Nxd4 Qc7 8. b3
a6 9. Bb2 Nc6 10. Nc3 d6 11. Rc1 Nxd4 12. Qxd4 e5 13. Nd5 Nxd5 14. Qxd5 Rb8 15.
Rfd1 Rd8 16. Ba3 Bf8 17. Qd2 Be6 18. Bd5 Bxd5 19. Qxd5 b5 20. cxb5 Qa5 21. Bb4
Qxb5 22. Ba5 Rdc8 23. Qxb5 axb5 24. e4 f5 25. f3 Kf7 26. Rc7+ Rxc7 27. Bxc7 Rc8
28. Ba5 Ke6 29. Bb4 Rc2 30. Rd2 Rxd2 31. Bxd2 d5 32. exf5+ gxf5 33. a4 bxa4 34.
bxa4 Bc5+ 35. Kf1 e4 36. Ke2 d4 37. fxe4 fxe4 38. Bf4 Kd5 39. g4 Kc4 40. g5 Kb3
41. Kd1 Kxa4 42. h4 Kb5 43. h5 Kc4 44. g6 hxg6 45. hxg6 Bf8 46. Be5 d3 47. g7
Bxg7 48. Bxg7 e3 49. Bh6 Kd4 50. Bxe3+ Kxe3 51. Ke1 d2+ 52. Kd1 Kd3 1/2-1/2

[Event "Druzynowe Mistrzostwa Polski w Szachach I LIGA 2021"]
[Site "Szklarska Poreba"]
[Date "1899-12-30"]
[Round "2.12"]
[White "Lach, Aleksandra"]
[Black "Kulon, Klaudia"]
[Result "1-0"]
[WhiteTitle "WIM"]
[BlackTitle "IM"]
[WhiteElo "2157"]
[BlackElo "2332"]

1. e4 Nf6 2. Nc3 e5 3. f4 d5 4. fxe5 Nxe4 5. Qf3 Nxc3 6. dxc3 Qh4+ 7. g3 Qe4+ 8.
Qxe4 dxe4 9. Bg2 Bf5 10. Ne2 Nc6 11. Nd4 Nxd4 12. cxd4 Bg6 13. O-O f5 14. Bh3
c5 15. d5 c4 16. Be3 Rd8 17. d6 Kd7 18. Bxa7 Ke6 19. Bd4 h5 20. Rae1 Bh7 21. Rxe4
g5 22. Re2 Bh6 23. Bg2 b5 24. Bb6 Rc8 25. Rd1 Bg7 26. Bd5+ Kd7 27. e6+ Kxd6 28.
Bb7+ Ke7 29. Rd7+ Kf6 30. Bd4+ 1-0

[Event "Druzynowe Mistrzostwa Polski w Szachach I LIGA 2021"]
[Site "Szklarska Poreba"]
[Date "1899-12-30"]
[Round "2.13"]
[White "Niedbala, Bartlomiej"]
[Black "Marszalek, Maciej"]
[Result "1/2-1/2"]
[WhiteTitle "FM"]
[BlackTitle "FM"]
[WhiteElo "2380"]
[BlackElo "2291"]

1. Nf3 d5 2. d4 Nf6 3. c4 c6 4. Nc3 g6 5. Qb3 Bg7 6. cxd5 cxd5 7. Bg5 e6 8. e3
O-O 9. h3 Nc6 10. Bd3 Qa5 11. O-O Bd7 12. Bf4 Qb4 13. Qc2 Rfc8 14. Qe2 Qe7 15.
Rfc1 Ne8 16. Qd1 Nd6 17. Nd2 Qf8 18. Bg3 Nf5 19. Bxf5 gxf5 20. Ne2 f6 21. Nf4
Qf7 22. Nd3 b6 23. Nf3 Bf8 24. Rc2 Nb4 25. Nxb4 Bxb4 26. Rxc8+ Rxc8 27. Rc1 Qe8
28. Kh2 Be7 29. Ne1 Bb5 30. Bf4 Bf8 31. Bg3 Be7 32. Qd2 a5 33. a3 Qd7 34. Rc3
Rxc3 35. Qxc3 Bd8 36. Kg1 Qc6 37. Qxc6 Bxc6 38. Bd6 Kf7 39. b4 axb4 40. Bxb4 Bc7
41. g3 Bb5 42. f4 Bc4 43. Nf3 Bd3 44. Kf2 Ke8 45. Ng1 Kd7 1/2-1/2

[Event "Druzynowe Mistrzostwa Polski w Szachach I LIGA 2021"]
[Site "Szklarska Poreba"]
[Date "1899-12-30"]
[Round "2.14"]
[White "Pulpan, Jakub"]
[Black "Suder, Jakub"]
[Result "1/2-1/2"]
[WhiteTitle "IM"]
[BlackTitle "FM"]
[WhiteElo "2418"]
[BlackElo "2339"]

1. Nf3 e6 2. d3 d5 3. Nbd2 c5 4. e4 Nc6 5. g3 Nf6 6. Bg2 Be7 7. O-O Qc7 8. Re1
b6 9. exd5 Nxd5 10. c4 Nf6 11. d4 Bb7 12. dxc5 Bxc5 13. a3 a5 14. Nb3 Rd8 15.
Qc2 O-O 16. Bf4 Bd6 17. Bg5 Be7 18. Rac1 h6 19. Bf4 Qc8 20. Be3 Nd7 21. Red1 Nc5
22. Nxc5 Bxc5 23. Qb3 Qc7 24. Rb1 Ne7 25. Bf4 Qc8 26. Qc3 Be4 27. Rbc1 Rxd1+ 28.
Rxd1 Rd8 29. Rd2 Nc6 30. Be3 Qc7 31. Bf4 Qc8 32. Be3 Qc7 33. Bf4 Qc8 1/2-1/2

[Event "Druzynowe Mistrzostwa Polski w Szachach I LIGA 2021"]
[Site "Szklarska Poreba"]
[Date "1899-12-30"]
[Round "2.15"]
[White "Czerw, Dawid"]
[Black "Licznerski, Lukasz"]
[Result "1/2-1/2"]
[WhiteTitle "FM"]
[BlackTitle "FM"]
[WhiteElo "2413"]
[BlackElo "2387"]

1. d4 Nf6 2. c4 c5 3. d5 b5 4. cxb5 a6 5. bxa6 Bxa6 6. Nc3 d6 7. e4 Bxf1 8. Kxf1
g6 9. Nf3 Bg7 10. g3 O-O 11. Kg2 Qb6 12. Qe2 Nbd7 13. Rd1 Qa6 14. Qc2 Rfb8 15.
a4 Rb4 16. Ra3 Rab8 17. a5 Ne8 18. Re1 Nc7 19. Nd1 Nb5 20. Ra4 Rxa4 21. Qxa4 Nb6
22. Qa2 Nd4 23. Nxd4 Bxd4 24. b4 Nc4 25. bxc5 Bxc5 26. Ne3 Qxa5 27. Qxa5 Nxa5
28. Bd2 Nb3 29. Bc3 Ba7 30. e5 dxe5 31. Bxe5 Rd8 32. Rb1 Bxe3 33. Rxb3 Bc5 34.
Rb8 Rxb8 35. Bxb8 f5 36. f4 Kf7 37. Kf3 e6 38. dxe6+ Kxe6 1/2-1/2

[Event "Druzynowe Mistrzostwa Polski w Szachach I LIGA 2021"]
[Site "Szklarska Poreba"]
[Date "1899-12-30"]
[Round "2.16"]
[White "Pinski, Jan"]
[Black "Redzisz, Michal"]
[Result "0-1"]
[WhiteTitle "IM"]
[BlackTitle "FM"]
[WhiteElo "2337"]
[BlackElo "2219"]

1. d4 Nf6 2. Nc3 d5 3. Bg5 Nbd7 4. f3 c6 5. Qd2 Qa5 6. e3 e6 7. a3 b5 8. Ra2 Qc7
9. Bd3 Bd6 10. Nge2 O-O 11. Bxf6 Nxf6 12. f4 a5 13. O-O Ba6 14. e4 b4 15. axb4
Bxd3 16. Qxd3 axb4 17. Rxa8 Rxa8 18. e5 bxc3 19. Nxc3 Be7 20. exf6 Bxf6 21. Ne2
c5 22. c3 cxd4 23. cxd4 Qb6 24. Qc3 Rb8 25. Rc1 g6 26. Rc2 h5 27. g3 Kg7 28. Kg2
Qb5 29. h3 Qa4 30. Rd2 Rb3 31. Qc2 Qb5 32. Nc3 Qc4 33. Ne2 Qb5 34. Nc3 Qc4 35.
Ne2 Qxc2 36. Rxc2 Rd3 37. b4 Rb3 38. h4 Rxb4 39. Rd2 Bd8 40. Ng1 Bb6 41. Nf3 Kf6
42. Rc2 Bxd4 43. Rc7 Ra4 44. Nxd4 Rxd4 45. Kf3 Rd3+ 46. Kf2 Rb3 47. Rd7 Rb8 48.
Kf3 Rb3+ 49. Kf2 Rb8 50. Kf3 Re8 51. g4 hxg4+ 52. Kxg4 Re7 53. Rd8 Rc7 54. Rd6
Ke7 55. Ra6 Rd7 56. Ra3 d4 57. Rd3 Kf6 58. f5 gxf5+ 59. Kh5 Rd8 0-1

[Event "Druzynowe Mistrzostwa Polski w Szachach I LIGA 2021"]
[Site "Szklarska Poreba"]
[Date "1899-12-30"]
[Round "2.17"]
[White "Galuszka, Tomasz"]
[Black "Lukasiewicz, Krzysztof"]
[Result "1/2-1/2"]
[WhiteTitle "k+"]
[BlackTitle "FM"]
[WhiteElo "2212"]
[BlackElo "2290"]

1. Nf3 d5 2. g3 Nf6 3. Bg2 Bf5 4. O-O c6 5. d3 h6 6. Nbd2 e6 7. b3 Bh7 8. Bb2 Nbd7
9. Qe1 Bc5 10. e4 O-O 11. e5 Ne8 12. Qe2 a5 13. a3 b5 14. Rfc1 Be7 15. Ne1 b4
16. f4 Nc7 17. a4 c5 18. c4 bxc3 19. Bxc3 Na6 20. Nc2 Qb6 21. Kh1 Nb4 22. Nxb4
cxb4 23. Bb2 Bc5 24. Nf3 Qa6 25. Bf1 Rfc8 26. d4 Qxe2 27. Bxe2 Bb6 28. Ne1 Nf8
29. Bd3 Bxd3 30. Nxd3 Ng6 31. Rxc8+ Rxc8 32. Rc1 Rxc1+ 33. Nxc1 Ne7 34. Ne2 Nf5
35. Kg1 Ne3 36. Bc1 Nc2 37. Bb2 Ne3 38. Bc1 Nc2 39. Bb2 Ne3 40. Bc1 Nc2 1/2-1/2

[Event "Druzynowe Mistrzostwa Polski w Szachach I LIGA 2021"]
[Site "Szklarska Poreba"]
[Date "1899-12-30"]
[Round "2.18"]
[White "Michna, Marta"]
[Black "Adamczyk, Zuzanna"]
[Result "1-0"]
[WhiteTitle "WGM"]
[BlackTitle "WCM"]
[WhiteElo "2323"]
[BlackElo "2055"]

1. b3 d5 2. Bb2 Bg4 3. Nf3 Bxf3 4. gxf3 e6 5. f4 Nf6 6. e3 g6 7. d3 Bg7 8. Nd2
Nh5 9. d4 c5 10. Be2 cxd4 11. Bxh5 gxh5 12. Qxh5 Nc6 13. f5 e5 14. exd4 Nxd4 15.
Bxd4 exd4 16. Kf1 Qf6 17. Nf3 O-O-O 18. Rd1 Qa6+ 19. Rd3 Rd7 20. Rg1 Bf6 21. Rg3
Qxa2 22. Nxd4 Bxd4 23. Rxd4 Qxc2 24. Qg5 Kb8 25. Qg7 Qc1+ 26. Kg2 Qc8 27. Qe5+
Ka8 28. Rxd5 Re8 29. Rc5 Qd8 30. Qc3 f6 31. Qc4 a6 32. b4 Rd4 33. Qc3 Rg8 34.
b5 Rxg3+ 35. hxg3 Qd6 36. b6 1-0

[Event "Druzynowe Mistrzostwa Polski w Szachach I LIGA 2021"]
[Site "Szklarska Poreba"]
[Date "1899-12-30"]
[Round "2.19"]
[White "Bobula, Mateusz"]
[Black "Kowalski, Igor"]
[Result "1/2-1/2"]
[WhiteTitle "IM"]
[BlackTitle "FM"]
[WhiteElo "2329"]
[BlackElo "2378"]

1. d4 Nf6 2. Nf3 d5 3. c4 e6 4. g3 a6 5. Nbd2 c5 6. cxd5 exd5 7. Bg2 Nc6 8. dxc5
Bxc5 9. O-O O-O 10. Nb3 Ba7 11. Nbd4 Ne4 12. Be3 Qf6 1/2-1/2

[Event "Druzynowe Mistrzostwa Polski w Szachach I LIGA 2021"]
[Site "Szklarska Poreba"]
[Date "1899-12-30"]
[Round "2.20"]
[White "Nowak, Lukasz"]
[Black "Toczek, Grzegorz"]
[Result "1/2-1/2"]
[WhiteTitle "FM"]
[BlackTitle "FM"]
[WhiteElo "2337"]
[BlackElo "2271"]

1. d4 c5 2. d5 Nf6 3. c4 e6 4. Nc3 exd5 5. cxd5 d6 6. Nf3 g6 7. Nd2 Bg7 8. e4 O-O
9. Be2 Re8 10. O-O a6 11. a4 Nbd7 12. h3 h6 13. Qc2 g5 14. Nc4 Qe7 15. Re1 Ne5
16. Nb6 Rb8 17. f4 gxf4 18. Bxf4 Nfd7 19. Nxd7 Bxd7 20. Qd2 Qh4 21. Rf1 Rbd8 22.
Qe1 Qxe1 23. Raxe1 Bc8 24. Bg3 Ng6 25. Bh5 Bd4+ 26. Kh2 Kg7 27. a5 Be5 28. Rf3
Bxg3+ 29. Rxg3 Re5 30. Bxg6 fxg6 31. Rf1 Bd7 32. Rgf3 Be8 33. Rf6 Rd7 34. R1f3
g5 35. R6f5 Rde7 36. Rf6 Rd7 37. R6f5 Rde7 38. Rf6 Rd7 1/2-1/2

[Event "Druzynowe Mistrzostwa Polski w Szachach I LIGA 2021"]
[Site "Szklarska Poreba"]
[Date "1899-12-30"]
[Round "2.21"]
[White "Kyc, Jerzy"]
[Black "Chylewski, Patryk"]
[Result "1/2-1/2"]
[WhiteTitle "m"]
[BlackTitle "FM"]
[WhiteElo "2252"]
[BlackElo "2301"]

1. e4 c5 2. Nf3 d6 3. d4 cxd4 4. Nxd4 Nf6 5. Nc3 a6 6. Bg5 e6 7. f4 h6 8. Bh4 Qb6
9. Qd2 Qxb2 10. Rb1 Qa3 11. Bxf6 gxf6 12. f5 Qa5 13. Bc4 Qe5 14. Bb3 Nc6 15. Nxc6
bxc6 16. O-O Be7 17. Kh1 Bd7 1/2-1/2

[Event "Druzynowe Mistrzostwa Polski w Szachach I LIGA 2021"]
[Site "Szklarska Poreba"]
[Date "1899-12-30"]
[Round "2.22"]
[White "Kokoszczynski, Jan"]
[Black "Sernecki, Franciszek"]
[Result "1/2-1/2"]
[WhiteTitle "FM"]
[BlackTitle "FM"]
[WhiteElo "2279"]
[BlackElo "2211"]

1. d4 Nf6 2. c4 e6 3. Nc3 Bb4 4. f3 O-O 5. a3 Bxc3+ 6. bxc3 Nh5 7. Nh3 f5 8. Bg5
Qe8 9. g4 Nf6 10. gxf5 exf5 11. Nf4 d6 12. Bxf6 Rxf6 13. h4 Nc6 14. Kf2 Na5 15.
e3 b6 16. Bd3 Ba6 17. Qe2 Rf7 18. Rhg1 Qa4 19. Rg5 Bxc4 20. Rag1 Qb5 21. Bxc4
Qxc4 22. Qxc4 Nxc4 23. Ne6 Kh8 24. Nxg7 f4 25. e4 Nxa3 26. Nf5 Rf6 27. Rg7 Rg6
28. R7xg6 hxg6 29. Ne7 Nb5 30. Nxg6+ Kh7 31. Nxf4 Nxc3 32. e5 Nb5 33. Ke3 c5 34.
dxc5 dxe5 35. Nd5 Kh6 36. c6 Rc8 37. Ne7 Rc7 38. Ng8+ Kh5 39. Nf6+ Kxh4 40. Ne4
Kh5 41. Nf6+ Kh4 42. Rg4+ Kh3 43. Kf2 Rxc6 44. Rg3+ Kh4 45. Rg4+ Kh3 46. Rg3+
Kh4 47. Rg4+ Kh3 1/2-1/2